The Art of Computer Programming (Record no. 840921)

MARC details
000 -LEADER
fixed length control field 00346pam a2200145 a 4500
020 ## - INTERNATIONAL STANDARD BOOK NUMBER
Terms of availability
041 ## - LANGUAGE CODE
Language code of original
082 ## - DEWEY DECIMAL CLASSIFICATION NUMBER
Classification number 5.1
100 ## - MAIN ENTRY--PERSONAL NAME
Personal name KNUTH (Donald E)
Relator term author
245 ## - TITLE STATEMENT
Title The Art of Computer Programming
Medium Textual Document
250 ## - EDITION STATEMENT
Edition statement 2nd
260 ## - PUBLICATION, DISTRIBUTION, ETC.
Name of publisher, distributor, etc. Addison Wesley Publishing Co New York,
Date of publication, distribution, etc. 2000
300 ## - PHYSICAL DESCRIPTION
Extent XIII,780
930 ## - EQUIVALENCE OR CROSS-REFERENCE-UNIFORM TITLE HEADING [LOCAL, CANADA]
Uniform title 10163
Holdings
Withdrawn status Lost status Damaged status Not for loan Collection Home library Current library Date acquired Cost, normal purchase price Total Checkouts Full call number Barcode Date last seen Copy number Price effective from Koha item type
          Institute of Management & Research, New Delhi Institute of Management & Research, New Delhi 24/06/2000 447.00   5.1 IMD-26PB0006493 17/08/2023 1 17/08/2023 Book